000 00327nas a22001337a 4500
005 20251108175429.0
008 250721s9999 xx || 000 0 eng d
082 1 4 _aR/ 370.5/PRO
245 1 0 _aprospects /
264 _bمجلة التربية الفصلية,
650 1 7 _aEDUCATION
942 _2ddc
_cPER
999 _c133948
_d133948